Revealing architectural design : (Record no. 607874)

000 -LEADER
fixed length control field 04461cam a2200373 i 4500
001 - CONTROL NUMBER
control field 17805384
003 - CONTROL NUMBER IDENTIFIER
control field OSt
005 - DATE AND TIME OF LATEST TRANSACTION
control field 20240220102321.0
008 - FIXED-LENGTH DATA ELEMENTS--GENERAL INFORMATION
fixed length control field 130709s2014 enkab b 001 0 eng
010 ## - LIBRARY OF CONGRESS CONTROL NUMBER
LC control number 2013025918
020 ## - INTERNATIONAL STANDARD BOOK NUMBER
International Standard Book Number 9780415639019 (hardback)
020 ## - INTERNATIONAL STANDARD BOOK NUMBER
International Standard Book Number 9780415639026 (pb)
020 ## - INTERNATIONAL STANDARD BOOK NUMBER
Canceled/invalid ISBN 9781315852454 (ebook)
040 ## - CATALOGING SOURCE
Original cataloging agency DLC
Language of cataloging eng
Transcribing agency DLC
Description conventions rda
Modifying agency DLC
042 ## - AUTHENTICATION CODE
Authentication code pcc
050 00 - LIBRARY OF CONGRESS CALL NUMBER
Classification number NA2750
Item number .P59 2014
082 00 - DEWEY DECIMAL CLASSIFICATION NUMBER
Classification number 729
Edition number 23
Author Mark PLO
084 ## - OTHER CLASSIFICATION NUMBER
Classification number ARC000000
-- ARC004000
-- ARC012000
Number source bisacsh
100 1# - MAIN ENTRY--PERSONAL NAME
Personal name Plowright, Philip D.
9 (RLIN) 120763
245 10 - TITLE STATEMENT
Title Revealing architectural design :
Remainder of title methods, frameworks and tools /
Statement of responsibility, etc. Philip D. Plowright.
260 ## - PUBLICATION, DISTRIBUTION, ETC.
Place of publication, distribution, etc. London:
Name of publisher, distributor, etc. Routledge;
Date of publication, distribution, etc. 2014.
300 ## - PHYSICAL DESCRIPTION
Extent xiv, 338 pages :
Other physical details illustrations (some color), maps ;
Dimensions 26 cm
504 ## - BIBLIOGRAPHY, ETC. NOTE
Bibliography, etc. note Includes bibliographical references (pages 316-330) and index.
520 ## - SUMMARY, ETC.
Summary, etc. " how do you use methods to create unique outcomes in the architectural design process? how do you set up methods that have a high degree of success based on your intentions? how do you develop and apply conceptual tools to assist in the design process?how do you use methods to satisfy the cultural needs of innovation and usability?how do you make an architectural design inherently defensible?All of these questions and more are answered by examining the architectural design process from the point of view of knowledge domains, domain syntax, coherence, framing, thinking styles, decision-making and testing. Using straightforward language, the book connects general design thinking to underlying frameworks that are used in the architectural design process.The book provides historical grounding as well as clear examples of real design outcomes. It includes diagrams and explanations to make that content accessible. The frameworks and their methods are described by what they can accomplish, what biases they introduce and the use of their final outcomes.Revealing Architectural Design will be useful to anyone interested in increasing the quality of their architectural design proposals through understanding the conceptual tools used to achieve that process. While it is intended for undergraduate and graduate students of architectural design, it will also be useful for experienced architectural practitioners. For the non-architect, this book opens a window into the priorities of a discipline seldom presented with such transparency"--
520 ## - SUMMARY, ETC.
Summary, etc. "- how do you use methods to create unique outcomes in the architectural design process? - how do you set up methods that have a high degree of success based on your intentions? - how do you develop and apply conceptual tools to assist in the design process? - how do you use methods to satisfy the cultural needs of innovation and usability? - how do you make an architectural design inherently defensible? All of these questions and more are answered by examining the architectural design process from the point of view of knowledge domains, domain syntax, coherence, framing, thinking styles, decision-making and testing. Using straightforward language, the book connects general design thinking to underlying frameworks that are used in the architectural design process. The book provides historical grounding as well as clear examples of real design outcomes. It includes diagrams and explanations to make that content accessible. The frameworks and their methods are described by what they can accomplish, what biases they introduce and the use of their final outcomes. Revealing Architectural Design will be useful to anyone interested in increasing the quality of their architectural design proposals through understanding the conceptual tools used to achieve that process. While it is intended for undergraduate and graduate students of architectural design, it will also be useful for experienced architectural practitioners. For the non-architect, this book opens a window into the priorities of a discipline seldom presented with such transparency"--
650 #0 - SUBJECT ADDED ENTRY--TOPICAL TERM
Topical term or geographic name entry element Architectural design
General subdivision Methodology.
9 (RLIN) 120756
650 #0 - SUBJECT ADDED ENTRY--TOPICAL TERM
Topical term or geographic name entry element Design
General subdivision Methodology.
9 (RLIN) 120764
650 #7 - SUBJECT ADDED ENTRY--TOPICAL TERM
Topical term or geographic name entry element ARCHITECTURE / General.
Source of heading or term bisacsh
9 (RLIN) 30312
650 #7 - SUBJECT ADDED ENTRY--TOPICAL TERM
Topical term or geographic name entry element ARCHITECTURE / Design, Drafting, Drawing & Presentation.
Source of heading or term bisacsh
9 (RLIN) 45375
650 #7 - SUBJECT ADDED ENTRY--TOPICAL TERM
Topical term or geographic name entry element ARCHITECTURE / Reference.
Source of heading or term bisacsh
9 (RLIN) 29765
906 ## - LOCAL DATA ELEMENT F, LDF (RLIN)
a 7
b cbc
c orignew
d 1
e ecip
f 20
g y-gencatlg
942 ## - ADDED ENTRY ELEMENTS (KOHA)
Source of classification or shelving scheme
Koha item type Book
Institution code [OBSOLETE] SADA
Call number prefix 729 PLO 2014
Holdings
Withdrawn status Lost status Source of classification or shelving scheme Damaged status Not for loan Permanent Location Current Location Date acquired Source of acquisition Total Checkouts Full call number Barcode Date last seen Cost, replacement price Price effective from Koha item type
          School of Art Design and Architecture (SADA) School of Art Design and Architecture (SADA) 06/12/2017 Pak Book   729 PLO 2014 SADA0002763 02/20/2024 3526.16 02/20/2024 Book
© 2023 Central Library, National University of Sciences and Technology. All Rights Reserved.